|
|
|
|
| LEADER |
00965nas a2200265 u 4500 |
| 001 |
10029369 |
| 003 |
upatras |
| 005 |
20210117195714.0 |
| 008 |
961004s1996 ge z p eng |
| 022 |
|
|
|a 0949-944X
|
| 040 |
|
|
|a GR-PaULI
|c GR-PaULI
|
| 041 |
0 |
|
|a eng
|
| 082 |
0 |
4 |
|a 574.4
|
| 222 |
|
0 |
|a Development genes and evolution
|b [Περιοδικό]
|
| 245 |
1 |
0 |
|a Development genes and evolution
|h [Περιοδικό]
|
| 260 |
|
|
|a Berlin ; Heidelberg [etc.]
|b Springer
|
| 310 |
|
|
|a Αλλη
|
| 362 |
0 |
|
|a 206(1996) - 212(2002)
|
| 500 |
|
|
|a Aπό 2003 σε ηλεκτρονική μορφή
|
| 500 |
|
|
|a SwetsNet 1998
|
| 852 |
|
|
|a GR-PaULI
|b ΠΑΤΡΑ
|b ΒΚΠ
|b N
|k ΠΕΡ
|m 1261
|t 1
|3 206(1996)-
|3 Vol.209:No.9(1999)-Vol.212:No.12(2002:DEC)
|
| 866 |
|
|
|a 206(1996)-
|a Vol.209:No.9(1999)-Vol.212:No.12(2002:DEC)
|
| 942 |
|
|
|2 ddc
|s 1
|c JNL
|
| 952 |
|
|
|0 0
|1 0
|4 0
|7 0
|9 22922
|a LISP
|b LISP
|c SER
|d 2016-04-24
|i 1261
|l 0
|r 2016-04-24 00:00:00
|t 1
|w 2016-04-24
|y JNL
|
| 999 |
|
|
|c 14263
|d 14263
|